Science Quiz

Random Science or Elements Quiz

Elements in the Moon's Atmosphere Quiz Stats

 Plays Quiz not verified by Sporcle

Score 0/9 Timer 02:30
0 Plays Today
% Correct
Nitrogen
92.1%
Carbon
89.7%
Helium
86.8%
Oxygen
85.5%
Argon
80.5%
Radon
71.3%
Sodium
58.6%
Potassium
53.9%
Polonium
34.8%

You're not logged in!

Compare scores with friends on all Sporcle quizzes.
OR
Log In

Sporcle TV

Today on Sporcle TV


Watch our educational content, quiz creation guides, and fun videos on Sporcle TV.

Show Comments

Extras

Top Quizzes Today


Score Distribution

Your Account Isn't Verified!

In order to create a playlist on Sporcle, you need to verify the email address you used during registration. Go to your Sporcle Settings to finish the process.

Report this User

Report this user for behavior that violates our Community Guidelines.

Details: